000 00299 a2200133 4500
001 153558
040 _cEscola São Tomás de Aquino
100 _aMACEDO, Joaquim Manuel
240 1 0 _aA moreninha
_lpor
245 1 0 _aA moreninha
362 0 _a1998
697 _aLITERATURA BRASILEIRA
942 _cBK
999 _c153558
_d153558